000 00394nam a2200169Ia 4500
001 25674
003 IN-NITTTR
005 20251114233325.0
008 251113s9999||||xx |||||||||||||| ||eng||
040 _beng
040 _cIN-NITTTR
041 _aeng
082 _a928.9 B122N
100 _aBachan, Harivanshrai
245 0 _aNeerh ka nirman phir /
_cBachan, Harivanshrai
942 _2ddc
_cBK
999 _c28303
_d28303